01288nam a2200253 a 450000100060000000300080000600500170001400800410003103500190007204000320009104100080012308200380013111000770016924503210024624601490056726000500071630000380076649000260080465100480083065100640087870000310094271000350097383000260100862859BD-RjUL20211209081131.0170126s1963 pk s o00| 0 eng  a(BD-RjUL)62987 aDLCcDLCdDLCdBD-RjULbeng aeng a304.609549021223bKHU 1963 (DCR) aPakistan.bMinistry of Home and Kashmir Affairs (Home Affairs Division).10aPopulation census of Pakistan, 1961 : bDistrict census report, Khulna . Parts I-V : General description, general tables, housing tables, population tables, and village statistics. / cPakistan. Ministry of Home and Kashmir Affairs (Home Affairs Division) ; Census organization (Pakistan) ; A. K. Choudhury , [comp.] aDistrict census report, Khulna : bParts I-V : General description, general tables, housing tables, population tables, and village statistics.  aKarachi : bManager of Publications,c[1963]. avarious pagings :bIll. ;c25 cm. acensus, 61 ;vP. No.  aPakistan (Bangladesh)zKhulnavCensus, 1961 aPakistan (Bangladesh)zKhulnaxPopulationvStatisticsy1961 aChoudhury, A. K. , [comp.] aCensus organization (Pakistan) acensus, 61 ;vP. No.